Treasury outsourcing
Outsourcing finančných aktivít. Začiatky treasury outsourcingu. Outsourcingové riešenia. Rôzne prístupy k outsourcingu finančných aktivít. Potenciálne výhody outsourcingu finančných aktivít. Outsourcing je v súčasnosti považovaný za riešenie zodpovedajúce potrebám určitých firiem za špecifických oko...
Saved in:
| Format: | Book Chapter |
|---|---|
| Language: | English Slovak |
| Subjects: | |
| Tags: |
No Tags, Be the first to tag this record!
|
MARC
| LEADER | 00000naa$a2200000$$$4500 | ||
|---|---|---|---|
| 001 | 0030279 | ||
| 005 | 20231106074759.5 | ||
| 041 | 0 | |a eng | |
| 041 | 0 | |a slo | |
| 044 | |a SK | ||
| 245 | 1 | 0 | |a Treasury outsourcing |
| 520 | |a Outsourcing finančných aktivít. Začiatky treasury outsourcingu. Outsourcingové riešenia. Rôzne prístupy k outsourcingu finančných aktivít. Potenciálne výhody outsourcingu finančných aktivít. Outsourcing je v súčasnosti považovaný za riešenie zodpovedajúce potrebám určitých firiem za špecifických okolností. | ||
| 610 | 2 | 0 | |a outsourcing |
| 610 | 2 | 0 | |a financie podnikové |
| 610 | 2 | 0 | |a manažment finančný |
| 610 | 2 | 0 | |a hodnota pridaná |